| 000 | 00949cam a2200265 4500 | ||
|---|---|---|---|
| 002 | |||
| 008 | 040915n2003 000 0 eng u | ||
| 020 | _a0852954581 | ||
| 035 | _a(Sirsi) u127408 | ||
| 041 | _aeng. | ||
| 050 |
_a692.8 _c18 |
||
| 110 |
_aInstitution of Chemical Engineers _91773 |
||
| 245 |
_aForm of contract _b target cost contracts. IChemE Burgundy Book |
||
| 260 |
_aRugby _bIChemE _c2003 |
||
| 300 |
_av, 109p. _c30cm. |
||
| 350 | _a45 | ||
| 520 | _aThis handbook, which should be referred to as the Institution of Chemical Engineers (IChemE) 'Burgundy Book', contains a form of agreement and a set of general conditions of contract for target cost contracts. | ||
| 650 |
_aContracts _96232 |
||
| 650 | _aLUMP SUM CONTRACTS | ||
| 650 | _aREIMBURSABLE CONTRACTS | ||
| 650 | _aTARGET COST CONTRACTS | ||
| 650 | _aICHEME BURGUNDY BOOK 2003 EDITION | ||
| 690 | _aBUILT ENVIRONMENT-BUILDING CONTRACT FORMS | ||
| 942 | _n0 | ||
| 999 |
_c103774 _d103774 |
||